La forza di una vita fragile (Record n. 210650)

Dettagli MARC
000 -LEADER
fixed length control field 01593nam a2200205Ia 4500
001 - CONTROL NUMBER
control field b6396-45631
003 - CONTROL NUMBER IDENTIFIER
control field IT-MiCISF
008 - FIXED-LENGTH DATA ELEMENTS--GENERAL INFORMATION
fixed length control field 161014s9999||||xx |||||||||||||| ||und||
040 ## - CATALOGING SOURCE
Original cataloging agency IT-MiCISF
Transcribing agency IT-MiCISF
041 ## - LANGUAGE CODE
Language code of text/sound track or separate title it
999 ## - SYSTEM CONTROL NUMBERS (KOHA)
Koha Dewey Subclass [OBSOLETE] si
100 ## - MAIN ENTRY--PERSONAL NAME
Personal name Chevillard Lutz Sophie
245 #0 - TITLE STATEMENT
Title La forza di una vita fragile
Remainder of title Storia di una bambina che non doveva nascere
250 ## - EDITION STATEMENT
Edition statement 1a ed.
260 ## - PUBLICATION, DISTRIBUTION, ETC. (IMPRINT)
Place of publication, distribution, etc. Torino
Name of publisher, distributor, etc. Lindau
Date of publication, distribution, etc. 2008 [Edizione originale: 2007]
300 ## - PHYSICAL DESCRIPTION
Extent pp. 122
500 ## - GENERAL NOTE
General note / famiglia-con-handicap, madre, rapporti-madre-figli, esperienze / Philippine oggi ha sette anni. Già prima che nascesse i medici avevano riscontrato una lesione cerebrale molto grave che non le avrebbe permesso di vivere e a loro giudizio la condannava inevitabilmente a essere abortita. Una prospettiva che i suoi genitori hanno rifiutato immediatamente. Contrariamente a tutte le previsioni, Philippine è sopravvissuta, pur restando in una condizione di grave dipendenza, come quella di un neonato tra i tre e i sei mesi. La sua unica forma di comunicazione si limita all'accenno di un sorriso nei momenti di felicità. In questo piccolo libro la mamma di Philippine racconta ciò che ha provocato in lei la nascita di una figlia affetta da un così grave handicap fisico e mentale, e il posto speciale che ha nella sua esistenza e in quella della sua famiglia. L'accettazione della fragilità di Philippine ha trasformato a poco a poco la vita dei suoi genitori e li ha resi più sensibili, più profondi, umani.
650 ## - SUBJECT ADDED ENTRY--TOPICAL TERM
Topical term or geographic name as entry element Temi di bioetica / handicap
Relator term 011
942 ## - ADDED ENTRY ELEMENTS (KOHA)
Koha item type LIBRO
957 ## -
-- 1
999 ## - SYSTEM CONTROL NUMBERS (KOHA)
-- 1
Dati di copia
Withdrawn status Lost status Damaged status Not for loan Home library Current library Date acquired Total Checkouts Full call number Date last seen Price effective from Koha item type Public note
    Buone Condizioni Not For Loan CISF - Milano CISF - Milano 14/10/2016   b6396-45631 14/10/2016 14/10/2016 LIBRO Data import 15.10.2016 / by Epidotti, Vaglietti
CREDITS: SOCIETA' SAN PAOLO Via A.Severo, 58 - ROMA (RM) & PERIODICI SAN PAOLO SRL Via Giotto, 36 MILANO & CISF Via Giotto, 36 MILANO & EDIZIONI SAN PAOLO SRL,  Piazza Soncino, 5 CINISELLO BALSAMO (MI) -- ITALY